Doorway 2 : (Record no. 16673)

MARC details
000 -CABECERA
campo de control de longitud fija 00810nam a2200241 a 4500
005 - FECHA Y HORA DE LA ÚLTIMA TRANSACCIÓN
campo de control 20231017063759.0
008 - ELEMENTOS DE LONGITUD FIJA--INFORMACIÓN GENERAL
campo de control de longitud fija 991125c1996 mx 000 0 spa u
020 ## - NÚMERO INTERNACIONAL NORMALIZADO PARA LIBROS
Número Internacional Estándar del Libro 9688806692
035 ## - NÚMERO DE CONTROL DEL SISTEMA
Número de control de sistema UPN01000016673
049 ## - COLECCIÓN
Colección LT
050 #4 - SIGNATURA TOPOGRÁFICA DE LA BIBLIOTECA DEL CONGRESO
Número de clasificación LB1631 M6.2
Número de documento/Ítem O7.3
100 1# - ASIENTO PRINCIPAL--NOMBRE PERSONAL
Nombre de persona Ortiz Provenzal, Alma
245 10 - MENCIÓN DE TÍTULO
Título Doorway 2 :
Resto del título english for secondary students /
Mención de responsabilidad, etc. Alma Ortiz Provenzal, Carmen Durán Kirchner
260 ## - PUBLICACIÓN, DISTRIBUCIÓN, ETC.
Lugar de publicación, distribución, etc. México :
Nombre del editor, distribuidor, etc. Prentice-Hall Hispanoamericana,
Fecha de publicación, distribución, etc. 1996
300 ## - DESCRIPCIÓN FÍSICA
Extensión xii, 113 p. :
Otras características físicas il., col.
520 ## - NOTA DE RESUMEN, ETC.
Sumario, etc. "De acuerdo con los nuevos programas de la SEP"
650 #4 - ASIENTO SECUNDARIO DE MATERIA - TERMINO TEMATICO
Término de materia o nombre geográfico como elemento de entrada Inglés
Subdivisión general Estudio y enseñanza (Secundaria)
9 (RLIN) 5708
700 2# - ASIENTO SECUNDARIO--NOMBRE DE PERSONAL
Nombre de persona Durán Kirchner, Carmen,
Término indicativo de función/relación coaut.
902 ## - ELEMENTOS DE DATOS B LOCAL, LDB (RLIN)
Creó MV MARTHA VALENCIA
902 ## - ELEMENTOS DE DATOS B LOCAL, LDB (RLIN)
Creó DMCV DORA MARIA CORTES VILLEGAS
904 ## - ELEMENTOS DE DATOS D LOCAL, LDD (RLIN)
a AC
b 016674
905 ## - TIPO DE MATERIAL
Tipo de material Libro
Holdings
Estado de retiro Estado de pérdida Fuente del sistema de clasificación o colocación Estado dañado No para préstamo Código de colección Localización permanente Ubicación/localización actual Ubicación en estantería Fecha de adquisición Enumeración/cronología de publicación seriada Clasificación Código de barras Fecha visto por última vez Número de copia Tipo de ítem Koha
    Library of Congress Classification   Disponible (Préstamo en sala) Libros de texto Bib. Gregorio Torres Quintero Bib. Gregorio Torres Quintero Colecciones especiales Planta alta 25/05/2023 ej.2 - LB1631 M6.2 O7.3 162033 31/12/2020 1 Libro
    Library of Congress Classification   Disponible (Préstamo en sala) Libros de texto Bib. Gregorio Torres Quintero Bib. Gregorio Torres Quintero Colecciones especiales Planta alta 25/05/2023 - LB1631 M6.2 O7.3 162032 31/12/2020 1 Libro